01748nam a2200481 i 450000100060000000300080000600500170001400600190003100700150005000800410006502000180010602000270012403500230015103500240017403500250019803500220022304000310024505000200027608000060029608200120030210000330031424500500034725000230039726400530042030000460047333600310051933700330055033800430058349000360062650000230066250400290068558801240071459001590083865000360099765000390103365000160107265000160108865500270110479700190113183000370115085600620118799900170124960235FlNmELB20241217142053.0m o d | cr cnu||||||||170601s2016 mx ob 001 0 spa d z9786077443766 a9786077445166 (e-book) a(MiAaPQ)EBC4849854 a(Au-PeEL)EBL4849854 a(CaPaEBR)ebr11379385 a(OCoLC)1009095410 aFINmELBbspaerdacFINmELB 4aPN59bO819 2016 a80 a8072231 aOseguera Mejía, Eva Lydia.10aLiteratura.n1 /cEva Lydia Oseguera Mejía. aSegunda edición. 1aMéxico D.F. :bGrupo Editorial Patria,c[2016] a1 recurso en línea (xii, 228 páginas) atextobtxt2rdacontent/spa acomputadorabc2rdamedia/spa arecurso en líneabcr2rdacarrier/spa1 aSerie integral por competencias aContiene índice. aContiene bibliografía. aDescripción basada en recurso en línea; Título de la página del título en PDF (e-libro, visto June 01, 2017). aRecurso electronico. Santa Fe, Arg. : e-libro, 2016. Disponible via World Wide Web. El acceso puede ser limitado para las bibliotecas afiliadas a e-libro. 0aLiteraturexStudy and teaching. 4aLiteraturaxEstudio y enseñanza. 0aLiterature. 4aLiteratura. 4aLibros electrónicos.2 ae-libro, Corp. 0aSerie integral por competencias.40uhttps://elibro.net/ereader/politecnicointernacional/40491 c60235d60235